Biographies of the Indian personalities / (Record no. 81352)

MARC details
000 -LEADER
fixed length control field 00563nam a22001937a 4500
005 - DATE AND TIME OF LATEST TRANSACTION
control field 20140106105033.0
010 ## - LCCN (DPL NO)
LC control number ENG-108928
020 ## - INTERNATIONAL STANDARD BOOK NUMBER
International Standard Book Number 9788192563626
Terms of availability 1295.00
035 ## - SYSTEM CONTROL NUMBER
System control number EN-92461
037 ## - SOURCE OF ACQUISITION
Source of stock number/acquisition DBAD/PUB
082 ## - DEWEY DECIMAL CLASSIFICATION NUMBER
Classification number 920
100 ## - MAIN ENTRY--PERSONAL NAME
Personal name Amarjit Singh
245 ## - TITLE STATEMENT
Title Biographies of the Indian personalities /
Statement of responsibility, etc by Amarjit Singh
260 ## - PUBLICATION, DISTRIBUTION, ETC. (IMPRINT)
Place of publication, distribution, etc New Delhi
Name of publisher, distributor, etc S. K. Book Agency
Date of publication, distribution, etc 2013
270 ## - ADDRESS
Address 5A/12, Ansari Road, Daryanganj
City New Delhi
Postal code 110002
300 ## - PHYSICAL DESCRIPTION
Extent 328p.
Dimensions 22cm(Hb)
500 ## - GENERAL NOTE
General note Includes index
942 ## - ADDED ENTRY ELEMENTS (KOHA)
Source of classification or shelving scheme Dewey Decimal Classification
Item type English Books
Call number suffix AMA
Classification part 920
Holdings
Withdrawn status Lost status Not for loan Collection code Home library Current library Date acquired Source of acquisition Cost, normal purchase price Full call number Barcode Copy number Cost, replacement price Koha item type
    Not For Loan Non-fiction D.B.Act.Division D.B.Act.Division 20/12/2013 DBAD/PUB 1295.00 920 AMA EN-92461 1 1295.00 English Books

© Delhi Public Library
Hit Counter
free hit counter